01196nam a2200157 a 4500008004100000020001800041041000800059100001800067245009100085250004200176260003500218300001100253500008500264505067400349655001501023180918e2014 sp |||g||||| 001 1 spa d a9788498382921 aspa1 aRiordan, Rick 3aLa maldición del titán.bPercy Jackson y los dioses del Olimpo III /cRick Riordan a4a ed.bTraducción Santiago del Rey aBarcelona:bSalamandra;c2014. a280 p. aRiordan, R.(2014). La maldición del titán. (4a ed.). Barcelona : Salamandra. aAnte la llamado de socorro de su amigo el sátiro Grover, Percy acude inmediatamente en su auxilio. Y aunque va acompañado de Annabeth y Thalia, las dos semidiosas que son sus aliadas, ninguno imagina la sorpresa que los aguarda: una terrible mantícora pretende secuestrarlos y llevarlos ante el general enviado por Cronos, el diabólico señor de los titanes. Sin embargo, gracias a la ayuda de las cazadoras de Artemisa, Percy y sus aliadas logran escapar y volver al campamento mestizo. Una vez allí, emprenderán la búsqueda del monstruo que puede provocar la destrucción del Olimpo, sólo uno de ellos logrará resistir la maldición del titán.  aLiteratura